<?xml version="1.0" encoding="UTF-8"?><?xml-stylesheet type="text/xsl" href="static/style.xsl"?><OAI-PMH xmlns="http://www.openarchives.org/OAI/2.0/" xmlns:xsi="http://www.w3.org/2001/XMLSchema-instance" xsi:schemaLocation="http://www.openarchives.org/OAI/2.0/ http://www.openarchives.org/OAI/2.0/OAI-PMH.xsd"><responseDate>2026-04-17T20:10:29Z</responseDate><request verb="GetRecord" identifier="oai:riubu.ubu.es:10259/9984" metadataPrefix="marc">https://riubu.ubu.es/oai/request</request><GetRecord><record><header><identifier>oai:riubu.ubu.es:10259/9984</identifier><datestamp>2025-01-22T01:05:29Z</datestamp><setSpec>com_10259_7065</setSpec><setSpec>com_10259_5086</setSpec><setSpec>com_10259_2604</setSpec><setSpec>col_10259_8461</setSpec></header><metadata><record xmlns="http://www.loc.gov/MARC21/slim" xmlns:doc="http://www.lyncode.com/xoai" xmlns:xsi="http://www.w3.org/2001/XMLSchema-instance" xmlns:dcterms="http://purl.org/dc/terms/" xsi:schemaLocation="http://www.loc.gov/MARC21/slim http://www.loc.gov/standards/marcxml/schema/MARC21slim.xsd">
<leader>00925njm 22002777a 4500</leader>
<datafield tag="042" ind1=" " ind2=" ">
<subfield code="a">dc</subfield>
</datafield>
<datafield tag="720" ind1=" " ind2=" ">
<subfield code="a">Saiz Mingo, Ariadna</subfield>
<subfield code="e">author</subfield>
</datafield>
<datafield tag="260" ind1=" " ind2=" ">
<subfield code="c">2018-10</subfield>
</datafield>
<datafield tag="520" ind1=" " ind2=" ">
<subfield code="a">El multilingüismo del que se nutren nuestras aulas es una evidencia que no&#xd;
siempre tiene su correlato referencial. Aquí trataremos de aproximarnos a&#xd;
las representaciones que sostiene el alumnado plurilingüe de primaria en&#xd;
relación con los contextos lingüísticos y culturales que transita y con los&#xd;
vínculos lingüístico-culturales que establece con la cultura de origen.</subfield>
</datafield>
<datafield tag="024" ind2=" " ind1="8">
<subfield code="a">1131-995X</subfield>
</datafield>
<datafield tag="024" ind2=" " ind1="8">
<subfield code="a">http://hdl.handle.net/10259/9984</subfield>
</datafield>
<datafield ind1=" " ind2=" " tag="653">
<subfield code="a">Creencias</subfield>
</datafield>
<datafield ind1=" " ind2=" " tag="653">
<subfield code="a">Plurilingüismo</subfield>
</datafield>
<datafield ind1=" " ind2=" " tag="653">
<subfield code="a">Lenguas maternas</subfield>
</datafield>
<datafield ind1=" " ind2=" " tag="653">
<subfield code="a">Inmigración</subfield>
</datafield>
<datafield ind1=" " ind2=" " tag="653">
<subfield code="a">Identidad</subfield>
</datafield>
<datafield tag="245" ind1="0" ind2="0">
<subfield code="a">Escribir sobre las lenguas que nunca suelo escribir</subfield>
</datafield>
</record></metadata></record></GetRecord></OAI-PMH>